[Event "aut_ychg1618 Bad Ischl"]
[Site "?"]
[Date "2007.03.31"]
[Round "1.1"]
[White "Kainz, Andrea"]
[Black "Exler, Veronika"]
[Result "0-1"]
[WhiteElo "1585"]
[BlackElo "1899"]
[PlyCount "74"]
[EventDate "2007.03.31"]

1. e4 c6 2. d4 d5 3. exd5 cxd5 4. Nc3 Nc6 5. Nf3 Bg4 6. Be2 e6 7. a3 Bd6 8. Be3
Nf6 9. O-O O-O 10. Re1 a6 11. Bg5 Bxf3 12. Bxf3 Qb6 13. Rb1 Qxd4 14. Bxf6 Qxf6
15. Ne2 Ne5 16. Nc3 Nxf3+ 17. Qxf3 Qxf3 18. gxf3 Rac8 19. Rbd1 b5 20. Re2 Rc4
21. Nb1 Rfc8 22. c3 Rh4 23. Red2 Rcc4 24. Rd4 Bxh2+ 25. Kf1 Rhxd4 26. Rxd4 Rxd4
27. cxd4 Bf4 28. Nc3 Bc1 29. Nd1 h5 30. Kg2 Kf8 31. Kg3 g5 32. Kh3 Ke7 33. Kg3
Kd6 34. Kh3 Kc7 35. Kg3 Kb6 36. Kg2 Ka5 37. Kh2 Ka4 0-1

[Event "aut_ychg1618 Bad Ischl"]
[Site "?"]
[Date "2007.03.31"]
[Round "1.2"]
[White "Froewis, Annika"]
[Black "Steininger, Sandra"]
[Result "1/2-1/2"]
[WhiteElo "1785"]
[BlackElo "1582"]
[PlyCount "59"]
[EventDate "2007.03.31"]

1. e4 e6 2. d4 d5 3. Nc3 Bb4 4. e5 c5 5. a3 cxd4 6. Qxd4 Nc6 7. Bb5 Bxc3+ 8.
Qxc3 Bd7 9. Bxc6 Bxc6 10. Nf3 h6 11. Nd4 Rc8 12. Qg3 Kf8 13. Bd2 Ne7 14. Bb4
Kg8 15. Qg4 Bd7 16. Bxe7 Qxe7 17. O-O-O Qc5 18. Rd3 Qe7 19. Rg3 Rh7 20. Rd1
Qg5+ 21. Qxg5 hxg5 22. h3 f6 23. Re1 Kf7 24. Kd2 Rc4 25. Kd3 Rh4 26. c3 Rf4 27.
Rf3 Rxf3+ 28. Nxf3 Rc7 29. Nd4 Rc8 30. Re3 1/2-1/2

[Event "aut_ychg1618 Bad Ischl"]
[Site "?"]
[Date "2007.03.31"]
[Round "1.3"]
[White "Bauer, Valentina"]
[Black "Bauer, Marie-Christine"]
[Result "1/2-1/2"]
[WhiteElo "1547"]
[BlackElo "1701"]
[PlyCount "25"]
[EventDate "2007.03.31"]

1. e4 e6 2. d4 d5 3. Nc3 Nd7 4. exd5 exd5 5. Nxd5 c6 6. Nc3 Ngf6 7. Nf3 Bd6 8.
Bg5 O-O 9. Be2 Re8 10. O-O Qc7 11. Qd2 b6 12. Rfe1 Bb7 13. h3 1/2-1/2

[Event "aut_ychg1618 Bad Ischl"]
[Site "?"]
[Date "2007.03.31"]
[Round "1.4"]
[White "Buchner, Judith"]
[Black "Mosshammer, Maria"]
[Result "1-0"]
[WhiteElo "1648"]
[BlackElo "1535"]
[PlyCount "109"]
[EventDate "2007.03.31"]

1. e4 e5 2. Nf3 Nc6 3. Bc4 Nf6 4. Ng5 d5 5. exd5 Nxd5 6. d4 Be6 7. Nxe6 fxe6 8.
dxe5 Nxe5 9. Qh5+ Nf7 10. O-O c6 11. Re1 Qd6 12. Bxd5 cxd5 13. Nc3 a6 14. Qxd5
Nd8 15. Qxd6 Bxd6 16. Bg5 e5 17. Rad1 Nf7 18. Ne4 Bc7 19. Bh4 h6 20. Nc5 g5 21.
Bg3 Rc8 22. Nd3 O-O 23. c3 Rcd8 24. Nc5 h5 25. h4 gxh4 26. Bxh4 Rxd1 27. Rxd1
Nd6 28. Ne6 Rf7 29. Nxc7 Nf5 30. Bd8 h4 31. Ne6 Rh7 32. Ng5 Rg7 33. Nh3 Rf7 34.
Bb6 e4 35. Be3 Rg7 36. Rd5 Nxe3 37. fxe3 Rg3 38. Kf2 Rg6 39. Rg5 Kf7 40. Rxg6
Kxg6 41. Nf4+ Kf5 42. g3 hxg3+ 43. Kxg3 Ke5 44. Ng6+ Kf5 45. Nf8 Ke5 46. Nd7+
Kd6 47. Nf6 Ke5 48. Ng4+ Kf5 49. Nf2 Ke5 50. Kg4 b6 51. b3 b5 52. Kg5 a5 53.
Kg4 a4 54. Kg5 axb3 55. axb3 1-0

[Event "aut_ychg1618 Bad Ischl"]
[Site "?"]
[Date "2007.03.31"]
[Round "1.5"]
[White "Reder, Lisa"]
[Black "Kessler, Michaela"]
[Result "0-1"]
[WhiteElo "1512"]
[BlackElo "1619"]
[PlyCount "52"]
[EventDate "2007.03.31"]

1. e4 c6 2. d4 d5 3. exd5 cxd5 4. c4 Nf6 5. Nc3 Nc6 6. Nf3 Bg4 7. Be2 e6 8. O-O
Be7 9. Be3 O-O 10. Rc1 Rb8 11. Bf4 Bd6 12. Bxd6 Qxd6 13. Re1 dxc4 14. Nb5 Qe7
15. Rxc4 Rfd8 16. Nh4 Bxe2 17. Rxe2 Nd5 18. Nf3 Rbc8 19. Ne5 Nxe5 20. Rxc8 Nf3+
21. gxf3 Rxc8 22. Re1 Qg5+ 23. Kh1 Nf4 24. Rg1 Qxb5 25. Qd2 Nh3 26. Rg3 Qf1+
0-1

[Event "aut_ychg1618 Bad Ischl"]
[Site "?"]
[Date "2007.03.31"]
[Round "1.6"]
[White "Mayer, Michaela"]
[Black "Steininger, Barbara"]
[Result "1-0"]
[WhiteElo "1604"]
[BlackElo "1501"]
[PlyCount "113"]
[EventDate "2007.03.31"]

1. d4 d5 2. c4 e6 3. Nc3 Nf6 4. Bg5 Nbd7 5. Nf3 c6 6. e3 Qa5 7. Nd2 Bb4 8. Qc2
Bxc3 9. bxc3 O-O 10. Be2 dxc4 11. Bxf6 Nxf6 12. Nxc4 Qd5 13. O-O Qg5 14. Ne5
Bd7 15. Bd3 h5 16. c4 Rac8 17. Rab1 b6 18. Qa4 Rc7 19. Rfc1 Bc8 20. Qa3 Rd8 21.
c5 b5 22. Qa5 Ne8 23. a4 a6 24. Qb6 h4 25. Nxc6 Bb7 26. Be4 Rdc8 27. f4 Qh5 28.
Ne7+ Rxe7 29. Bxb7 Rcc7 30. Bxa6 Qe2 31. Re1 Qa2 32. Qxb5 Ra7 33. Rb2 Qd5 34.
c6 Nc7 35. Qb8+ Ne8 36. Bb5 Kf8 37. Rc1 Rec7 38. Qb6 Qe4 39. Qc5+ Kg8 40. Kf2
Nf6 41. h3 Nd5 42. Rb3 Qg6 43. Bd3 Qg3+ 44. Kg1 Ra8 45. Be4 Nxf4 46. Kf1 f5 47.
Bf3 Rxa4 48. exf4 Qxf4 49. Rb8+ Kh7 50. Rb7 Ra2 51. Rxc7 Qxc7 52. Rc2 Ra5 53.
Qc4 Ra1+ 54. Ke2 Qg3 55. Rc1 Rxc1 56. Qxc1 Qc7 57. Qc4 1-0

[Event "aut_ychg1618 Bad Ischl"]
[Site "?"]
[Date "2007.03.31"]
[Round "1.7"]
[White "Moser, Evelyn"]
[Black "Anker, Christin"]
[Result "1/2-1/2"]
[WhiteElo "1489"]
[BlackElo "1593"]
[PlyCount "86"]
[EventDate "2007.03.31"]

1. d4 d5 2. c4 dxc4 3. e3 e5 4. Bxc4 exd4 5. exd4 Nf6 6. Be3 Bd6 7. Nf3 O-O 8.
O-O Nbd7 9. Nbd2 Nb6 10. Bb3 Bg4 11. h3 Bh5 12. Rc1 Qd7 13. Nc4 Nxc4 14. Bxc4
Rfe8 15. Be2 Bg6 16. Qb3 c6 17. Rfd1 Qe7 18. Bc4 b6 19. Ba6 Be4 20. Be2 Bd5 21.
Qc2 Rad8 22. a3 a5 23. Re1 Bc7 24. Bg5 Qd6 25. Bxf6 Qxf6 26. Rcd1 Qd6 27. Kf1
Bxf3 28. Bxf3 Qh2 29. Re4 f5 30. Qc4+ Kf8 31. Rxe8+ Rxe8 32. g3 Qxh3+ 33. Bg2
Qg4 34. Rd2 c5 35. b4 Qg5 36. Rd1 Qe7 37. dxc5 axb4 38. axb4 bxc5 39. Qxc5 Qxc5
40. bxc5 Re5 41. Rd5 Rxd5 42. Bxd5 Ke7 43. Ke2 f4 1/2-1/2

[Event "aut_ychg1618 Bad Ischl"]
[Site "?"]
[Date "2007.03.31"]
[Round "1.8"]
[White "Konrad, Jasmin"]
[Black "Posch, Stefanie"]
[Result "1/2-1/2"]
[WhiteElo "1593"]
[BlackElo "1424"]
[PlyCount "28"]
[EventDate "2007.03.31"]

1. d4 d5 2. Bf4 Nf6 3. Nf3 Bf5 4. e3 e6 5. Bd3 Bxd3 6. Qxd3 Bd6 7. Bxd6 Qxd6 8.
O-O O-O 9. Nbd2 Nbd7 10. e4 dxe4 11. Nxe4 Qb6 12. Nxf6+ Nxf6 13. b3 Rfd8 14. c3
c5 1/2-1/2

[Event "aut_ychg1618 Bad Ischl"]
[Site "?"]
[Date "2007.03.31"]
[Round "2.1"]
[White "Exler, Veronika"]
[Black "Kirchmair, Katharina"]
[Result "1-0"]
[WhiteElo "1899"]
[BlackElo "1294"]
[PlyCount "105"]
[EventDate "2007.03.31"]

1. e4 e5 2. Nf3 Nc6 3. d4 exd4 4. Bc4 Nf6 5. e5 d5 6. Bb5 Qe7 7. O-O Ne4 8.
Nxd4 Qxe5 9. Nxc6 bxc6 10. Bxc6+ Bd7 11. Bxa8 c6 12. Nd2 Qb8 13. Re1 Qxa8 14.
f3 Bc5+ 15. Kh1 O-O 16. fxe4 Qb7 17. Nb3 Bb6 18. exd5 cxd5 19. Be3 Qc6 20. Bxb6
axb6 21. Nd4 Qb7 22. Re7 Qc8 23. Qf3 Qd8 24. Re5 Qb8 25. Rxd5 Qc8 26. Rf1 Bg4
27. Qf4 f6 28. Nf5 Bxf5 29. Qxf5 Qe8 30. Rd6 b5 31. Qe6+ Qxe6 32. Rxe6 Kf7 33.
Rb6 Rc8 34. Rxb5 Rxc2 35. Re1 g5 36. h3 Rc4 37. Rb7+ Kg6 38. b3 Rd4 39. a4 h5
40. a5 g4 41. hxg4 hxg4 42. a6 Rd8 43. a7 Ra8 44. Ree7 f5 45. Rb8 Rxa7 46. Rxa7
Kg5 47. g3 Kf6 48. Rb5 Ke6 49. Ra6+ Kd7 50. Rb7+ Kc8 51. Rh7 Kb8 52. Rg6 Kc8
53. Rg8# 1-0

[Event "aut_ychg1618 Bad Ischl"]
[Site "?"]
[Date "2007.03.31"]
[Round "2.2"]
[White "Kessler, Michaela"]
[Black "Buchner, Judith"]
[Result "1/2-1/2"]
[WhiteElo "1619"]
[BlackElo "1648"]
[PlyCount "45"]
[EventDate "2007.03.31"]

1. e4 c6 2. c4 d5 3. cxd5 cxd5 4. exd5 Nf6 5. Nf3 Nxd5 6. Bc4 e6 7. O-O Be7 8.
d4 O-O 9. Re1 a6 10. Bd2 b5 11. Bd3 Bb7 12. a3 Nd7 13. Nc3 Rc8 14. Qe2 Qb6 15.
Ne4 N7f6 16. Nxf6+ Nxf6 17. Be3 Nd5 18. Ne5 Rfd8 19. Bxh7+ Kxh7 20. Qh5+ Kg8
21. Qxf7+ Kh8 22. Qh5+ Kg8 23. Qf7+ 1/2-1/2

[Event "aut_ychg1618 Bad Ischl"]
[Site "?"]
[Date "2007.03.31"]
[Round "2.3"]
[White "Bauer, Marie-Christine"]
[Black "Mayer, Michaela"]
[Result "1-0"]
[WhiteElo "1701"]
[BlackElo "1604"]
[PlyCount "67"]
[EventDate "2007.03.31"]

1. e4 e5 2. Nf3 Nc6 3. d4 exd4 4. Nxd4 Bc5 5. Be3 Qf6 6. c3 Nge7 7. g3 d6 8.
Bg2 Bd7 9. O-O O-O 10. Na3 a6 11. Nac2 Rfe8 12. Nxc6 Bxc6 13. Nd4 Bd7 14. Qd2
Rad8 15. Bg5 Qg6 16. Kh1 f6 17. Be3 Nc6 18. Qc2 Ne7 19. Qb3+ Qf7 20. Qxb7 Bb6
21. Qxa6 Ra8 22. Qe2 Rxa2 23. Rxa2 Qxa2 24. Qc2 Ba4 25. Qc1 Bd7 26. Qb1 Qa4 27.
Nc2 Bxe3 28. Nxe3 Nc6 29. Nd5 Qa7 30. Qa1 Qb7 31. b4 Ne5 32. Qb2 Nc4 33. Qa2
Ne5 34. Nxc7+ 1-0

[Event "aut_ychg1618 Bad Ischl"]
[Site "?"]
[Date "2007.03.31"]
[Round "2.4"]
[White "Posch, Stefanie"]
[Black "Froewis, Annika"]
[Result "1/2-1/2"]
[WhiteElo "1424"]
[BlackElo "1785"]
[PlyCount "49"]
[EventDate "2007.03.31"]

1. d4 d5 2. Nf3 Bf5 3. Bf4 Nf6 4. e3 e6 5. c4 c6 6. Be2 dxc4 7. Bxc4 Nbd7 8.
O-O b5 9. Bd3 Bg6 10. Bxg6 hxg6 11. Nbd2 Nh5 12. Bg5 Qc7 13. Bh4 Bd6 14. Ne4
Bb4 15. a3 Ba5 16. Rc1 Ndf6 17. Bxf6 gxf6 18. Qc2 Rc8 19. Qc5 Bb6 20. Qb4 a5
21. Qd6 f5 22. Qxc7 Bxc7 23. Nc5 Nf6 24. Rc2 g5 25. g3 1/2-1/2

[Event "aut_ychg1618 Bad Ischl"]
[Site "?"]
[Date "2007.03.31"]
[Round "2.5"]
[White "Anker, Christin"]
[Black "Bauer, Valentina"]
[Result "1/2-1/2"]
[WhiteElo "1593"]
[BlackElo "1547"]
[PlyCount "63"]
[EventDate "2007.03.31"]

1. e4 e6 2. d4 d5 3. e5 c5 4. c3 Nc6 5. Nf3 Qb6 6. a3 Nh6 7. b4 cxd4 8. cxd4
Nf5 9. Be3 Bd7 10. Be2 Be7 11. O-O O-O 12. Nc3 a6 13. Qd2 f6 14. exf6 Bxf6 15.
Rad1 Qa7 16. Kh1 b5 17. g4 Nxe3 18. fxe3 Rac8 19. g5 Be7 20. Bd3 g6 21. Qg2 Kh8
22. Qg3 Qc7 23. Qh4 Rg8 24. Ne2 Be8 25. Nf4 Qd6 26. Rg1 e5 27. dxe5 Nxe5 28.
Nxe5 Qxe5 29. Rg3 Rc7 30. Be2 Bc6 31. Kg1 Rg7 32. Bd3 1/2-1/2

[Event "aut_ychg1618 Bad Ischl"]
[Site "?"]
[Date "2007.03.31"]
[Round "2.6"]
[White "Steininger, Sandra"]
[Black "Konrad, Jasmin"]
[Result "1/2-1/2"]
[WhiteElo "1582"]
[BlackElo "1593"]
[PlyCount "93"]
[EventDate "2007.03.31"]

1. d4 d5 2. c4 e6 3. Nc3 Nf6 4. Nf3 Nbd7 5. Bg5 Be7 6. e3 O-O 7. Be2 dxc4 8.
Bxc4 a6 9. Qc2 b5 10. Bd3 Bb7 11. Ne4 Bxe4 12. Bxe4 Nxe4 13. Bxe7 Qxe7 14. Qxe4
Qb4+ 15. Ke2 Qxb2+ 16. Nd2 Qa3 17. Qc6 Qd6 18. Qxd6 cxd6 19. Rac1 d5 20. Rc6
Rfc8 21. Rhc1 Rxc6 22. Rxc6 Kf8 23. Nb3 Ke8 24. Na5 h6 25. Kd3 Ke7 26. Kc3 Nf6
27. f3 Kd7 28. Kb4 Ne8 29. Kc5 Rc8 30. Rxc8 Kxc8 31. Kb6 Nc7 32. Nc6 f6 33. Nb4
Kd7 34. Nxa6 Nxa6 35. Kxa6 Kc6 36. Ka5 e5 37. Kb4 Kb6 38. g3 g6 39. h3 Kc6 40.
h4 Kb6 41. a3 exd4 42. exd4 f5 43. g4 f4 44. g5 h5 45. Kc3 Ka5 46. Kb3 Ka6 47.
Kc3 1/2-1/2

[Event "aut_ychg1618 Bad Ischl"]
[Site "?"]
[Date "2007.03.31"]
[Round "2.7"]
[White "Mosshammer, Maria"]
[Black "Moser, Evelyn"]
[Result "1-0"]
[WhiteElo "1535"]
[BlackElo "1489"]
[PlyCount "89"]
[EventDate "2007.03.31"]

1. e4 e5 2. Nf3 Nc6 3. Bc4 Bc5 4. d3 h6 5. Nc3 d6 6. h3 a6 7. O-O b5 8. Bd5 Bb7
9. Be3 Bb6 10. Bxb6 cxb6 11. d4 Qc7 12. Bxc6+ Bxc6 13. d5 Bb7 14. a3 Ne7 15.
Re1 O-O 16. Nh4 f5 17. exf5 Nxf5 18. Nxf5 Rxf5 19. Qg4 Raf8 20. Re2 Bc8 21. Qg3
Rg5 22. Qe3 Bd7 23. Ne4 Rg6 24. Rf1 Qc8 25. Kh2 Rf5 26. f4 Qf8 27. Ref2 Qe7 28.
Ng3 Rff6 29. f5 Rg5 30. Ne4 Rfxf5 31. Nxg5 Rxf2 32. Rxf2 hxg5 33. g4 Qe8 34.
Qxg5 a5 35. h4 b4 36. h5 Bb5 37. h6 g6 38. Rf6 Kh7 39. Re6 Qf8 40. Qxg6+ Kh8
41. Qf6+ Qxf6 42. Rxf6 Be2 43. g5 e4 44. g6 e3 45. Rf8# 1-0

[Event "aut_ychg1618 Bad Ischl"]
[Site "?"]
[Date "2007.03.31"]
[Round "2.8"]
[White "Steininger, Barbara"]
[Black "Kainz, Andrea"]
[Result "1/2-1/2"]
[WhiteElo "1501"]
[BlackElo "1585"]
[PlyCount "71"]
[EventDate "2007.03.31"]

1. d4 d5 2. c4 e6 3. Nc3 c6 4. Nf3 Nf6 5. Bg5 Nbd7 6. e3 Qa5 7. Nd2 dxc4 8.
Bxf6 Nxf6 9. Bxc4 Be7 10. O-O O-O 11. Rc1 Rd8 12. Qc2 Qc7 13. Nf3 c5 14. Be2
cxd4 15. Nxd4 b6 16. Rfd1 Bb7 17. Ncb5 Qxc2 18. Rxc2 Bc5 19. Rcc1 Bxd4 20. Nxd4
Rac8 21. Nb5 Ba6 22. Rxc8 Rxc8 23. Nc3 Bxe2 24. Nxe2 Kf8 25. Rc1 Rxc1+ 26. Nxc1
Ke7 27. Nd3 Kd6 28. Kf1 Kd5 29. b3 Ne4 30. Ke1 Nc3 31. a4 Ne4 32. f3 Nc5 33.
Nxc5 Kxc5 34. Kd2 Kb4 35. Kc2 f5 36. f4 1/2-1/2

[Event "aut_ychg1618 Bad Ischl"]
[Site "?"]
[Date "2007.04.01"]
[Round "3.1"]
[White "Buchner, Judith"]
[Black "Exler, Veronika"]
[Result "0-1"]
[WhiteElo "1648"]
[BlackElo "1899"]
[PlyCount "68"]
[EventDate "2007.03.31"]

1. e4 c6 2. d4 d5 3. Nc3 dxe4 4. Nxe4 Nf6 5. Nxf6+ gxf6 6. c3 Bf5 7. Bf4 Nd7 8.
Bd3 Bg6 9. Ne2 e6 10. O-O Nb6 11. Bg3 Qd7 12. b4 Nd5 13. Qd2 Bh6 14. Qc2 Bg5
15. Rfe1 O-O-O 16. a4 f5 17. h3 f4 18. Bh2 Rdg8 19. b5 f3 20. Ng3 fxg2 21. Bxg6
Rxg6 22. Ne4 Bf4 23. Ng3 h5 24. Ne2 Bxh2+ 25. Kxh2 Qd6+ 26. Kg1 Rhg8 27. Qd2
Rf6 28. c4 Ne7 29. Nc3 Rf3 30. Ne4 Qc7 31. Re3 Qf4 32. Ra2 Nf5 33. Rxf3 Qxf3
34. Qe2 Qxh3 0-1

[Event "aut_ychg1618 Bad Ischl"]
[Site "?"]
[Date "2007.04.01"]
[Round "3.2"]
[White "Kessler, Michaela"]
[Black "Bauer, Marie-Christine"]
[Result "1-0"]
[WhiteElo "1619"]
[BlackElo "1701"]
[PlyCount "53"]
[EventDate "2007.03.31"]

1. e4 e6 2. d4 d5 3. Bd3 Nf6 4. e5 Nfd7 5. c3 c5 6. Nf3 Nc6 7. O-O f6 8. Ng5
Qe7 9. Qh5+ Kd8 10. Nf7+ Kc7 11. Nxh8 g6 12. Bxg6 hxg6 13. Nxg6 Qg7 14. Nxf8
Qxf8 15. exf6 Qxf6 16. dxc5 Nxc5 17. Nd2 Bd7 18. Nf3 Ne4 19. Qh4 Qg7 20. Bh6
Qg6 21. Bf4+ Kb6 22. Ne5 Nxe5 23. Bxe5 Rg8 24. Bg3 e5 25. Rad1 Kc6 26. Qe7 Nxg3
27. fxg3 1-0

[Event "aut_ychg1618 Bad Ischl"]
[Site "?"]
[Date "2007.04.01"]
[Round "3.3"]
[White "Froewis, Annika"]
[Black "Mosshammer, Maria"]
[Result "0-1"]
[WhiteElo "1785"]
[BlackElo "1535"]
[PlyCount "86"]
[EventDate "2007.03.31"]

1. e4 e5 2. Nf3 Nc6 3. d4 exd4 4. Bc4 d6 5. Nxd4 Ne5 6. Bb3 Nf6 7. Nc3 g6 8. h3
Bg7 9. Be3 a6 10. Qd2 Ned7 11. O-O-O Nc5 12. Rhe1 Nxb3+ 13. Nxb3 Bd7 14. Bg5
Be6 15. Na5 b6 16. Nc6 Qd7 17. Nb4 O-O 18. Bh6 Rfd8 19. Bxg7 Kxg7 20. Re3 c6
21. e5 dxe5 22. Rd3 Nd5 23. Nbxd5 cxd5 24. Nxd5 Qc6 25. Ne3 Rxd3 26. Qxd3 Rc8
27. Qxa6 Bf5 28. Qe2 Be6 29. a3 f5 30. Nd5 Bxd5 31. Qxe5+ Kh6 32. Qf4+ g5 33.
Qxf5 Be4 34. Rd6+ Qxd6 35. Qxe4 Qf4+ 36. Qxf4 gxf4 37. Kd2 Kg5 38. c3 Kf5 39.
Ke2 Rd8 40. a4 Re8+ 41. Kd2 Re4 42. b4 Ke5 43. h4 f3 0-1

[Event "aut_ychg1618 Bad Ischl"]
[Site "?"]
[Date "2007.04.01"]
[Round "3.4"]
[White "Mayer, Michaela"]
[Black "Posch, Stefanie"]
[Result "1-0"]
[WhiteElo "1604"]
[BlackElo "1424"]
[PlyCount "69"]
[EventDate "2007.03.31"]

1. d4 d5 2. c4 e6 3. Nc3 Nf6 4. Bg5 Be7 5. Nf3 O-O 6. e3 c6 7. Rc1 Nbd7 8. Bd3
dxc4 9. Bxc4 a6 10. O-O b5 11. Bb3 c5 12. Qd2 Qb6 13. Rfd1 Bb7 14. dxc5 Nxc5
15. Bc2 Rfe8 16. Nd4 Nfe4 17. Nxe4 Bxe4 18. Bxe7 Rxe7 19. Bxe4 Nxe4 20. Qc2 f5
21. Nf3 Rd8 22. Ne5 Rxd1+ 23. Qxd1 g6 24. Rc6 Qb7 25. Qd8+ Kg7 26. Rc8 Kf6 27.
Nc6 h6 28. Nxe7 Qxe7 29. Qxe7+ Kxe7 30. Ra8 Nc5 31. Kf1 Kd6 32. Ke2 Ke5 33. Rc8
Kd5 34. Rh8 g5 35. Rxh6 1-0

[Event "aut_ychg1618 Bad Ischl"]
[Site "?"]
[Date "2007.04.01"]
[Round "3.5"]
[White "Kirchmair, Katharina"]
[Black "Anker, Christin"]
[Result "0-1"]
[WhiteElo "1294"]
[BlackElo "1593"]
[PlyCount "102"]
[EventDate "2007.03.31"]

1. e4 e5 2. Nf3 Nc6 3. Bc4 Bc5 4. Nc3 d6 5. h3 Nf6 6. d3 h6 7. O-O g5 8. Nh2
Bd7 9. Qf3 Nd4 10. Qd1 Qe7 11. a3 O-O-O 12. b4 Bb6 13. b5 Rdg8 14. Ng4 h5 15.
Nxf6 Qxf6 16. Nd5 Qd8 17. Ne3 Rg7 18. f3 Nxb5 19. Re1 Bd4 20. Bxb5 Bxa1 21.
Bxd7+ Qxd7 22. Nf5 Rgg8 23. Be3 Bc3 24. Rf1 Ba5 25. d4 exd4 26. Nxd4 Bb6 27.
Qd3 g4 28. h4 gxf3 29. Nxf3 Bxe3+ 30. Qxe3 Kb8 31. c4 Qg4 32. Rf2 Re8 33. Ng5
Rhg8 34. Rf4 Qd7 35. Rxf7 Re7 36. Rf5 Reg7 37. Qe2 Qe8 38. g4 hxg4 39. Qxg4 Qe7
40. Kf2 a6 41. a4 Ka7 42. Qf4 Rh8 43. e5 dxe5 44. Qe3+ Kb8 45. Rxe5 Qf6+ 46.
Kg3 Rgg8 47. Re6 Qg7 48. Re7 Qh6 49. Qf4 Qb6 50. Kh3 Qc6 51. Ne6 Qg2# 0-1

[Event "aut_ychg1618 Bad Ischl"]
[Site "?"]
[Date "2007.04.01"]
[Round "3.6"]
[White "Konrad, Jasmin"]
[Black "Reder, Lisa"]
[Result "1-0"]
[WhiteElo "1593"]
[BlackElo "1512"]
[PlyCount "95"]
[EventDate "2007.03.31"]

1. d4 Nf6 2. c4 g6 3. Nc3 Bg7 4. e4 d6 5. Nf3 O-O 6. Be2 Nc6 7. d5 Nb4 8. O-O
Na6 9. Qc2 e5 10. a3 h6 11. b4 Nh7 12. Nd2 f5 13. Bb2 fxe4 14. Ncxe4 Bf5 15. f3
Ng5 16. Bd3 Rc8 17. Rad1 Kh7 18. Ng3 Bxd3 19. Qxd3 e4 20. Qb3 exf3 21. Bxg7
Kxg7 22. Nxf3 Nxf3+ 23. Rxf3 Qd7 24. Rdf1 Rxf3 25. Qxf3 Qe7 26. Ne4 Rf8 27.
Qc3+ Kg8 28. Nf6+ Rxf6 29. Qxf6 Qxf6 30. Rxf6 Kg7 31. Rf3 Nb8 32. Kf2 Nd7 33.
Ke3 Ne5 34. Rf4 g5 35. Re4 Kf6 36. h3 c6 37. dxc6 bxc6 38. Rd4 Ke6 39. g3 h5
40. a4 a6 41. h4 Ng4+ 42. Kf3 gxh4 43. gxh4 d5 44. cxd5+ cxd5 45. Rxg4 hxg4+
46. Kxg4 Kf6 47. Kf4 Ke6 48. h5 1-0

[Event "aut_ychg1618 Bad Ischl"]
[Site "?"]
[Date "2007.04.01"]
[Round "3.7"]
[White "Bauer, Valentina"]
[Black "Steininger, Sandra"]
[Result "1-0"]
[WhiteElo "1547"]
[BlackElo "1582"]
[PlyCount "41"]
[EventDate "2007.03.31"]

1. e4 e6 2. d4 d5 3. Nc3 Bb4 4. exd5 exd5 5. Bd2 Nf6 6. Nf3 Bg4 7. Be2 Nc6 8.
a3 Ba5 9. b4 Bb6 10. Be3 O-O 11. h3 Bf5 12. Bd3 Qd7 13. Bxf5 Qxf5 14. O-O Ne4
15. Qd3 Rfe8 16. Nd2 Rad8 17. Rad1 g6 18. Ndxe4 dxe4 19. Qc4 Qf6 20. d5 Bxe3
21. fxe3 1-0

[Event "aut_ychg1618 Bad Ischl"]
[Site "?"]
[Date "2007.04.01"]
[Round "3.8"]
[White "Moser, Evelyn"]
[Black "Steininger, Barbara"]
[Result "1-0"]
[WhiteElo "1489"]
[BlackElo "1501"]
[PlyCount "43"]
[EventDate "2007.03.31"]

1. d4 d5 2. c4 e6 3. Nc3 Nf6 4. e3 c6 5. Nf3 Qa5 6. Bd2 Bb4 7. a3 Bxc3 8. Bxc3
Qc7 9. Bd3 dxc4 10. Bxc4 Nbd7 11. O-O b5 12. Bd3 O-O 13. Rc1 Bb7 14. Bb4 Rfe8
15. Bxb5 e5 16. dxe5 Nxe5 17. Nxe5 Rxe5 18. Bd6 Qb6 19. Bxe5 cxb5 20. Bxf6 Qxf6
21. Rc7 Rb8 22. Qd7 1-0

[Event "aut_ychg1618 Bad Ischl"]
[Site "?"]
[Date "2007.04.02"]
[Round "4.1"]
[White "Exler, Veronika"]
[Black "Kessler, Michaela"]
[Result "1-0"]
[WhiteElo "1899"]
[BlackElo "1619"]
[PlyCount "57"]
[EventDate "2007.03.31"]

1. e4 c6 2. c4 d5 3. exd5 cxd5 4. cxd5 Nf6 5. Qa4+ Nbd7 6. Nc3 g6 7. Nf3 Bg7 8.
Bc4 O-O 9. d3 Nb6 10. Qb3 Bg4 11. Ne5 Bf5 12. O-O Qd6 13. Re1 Rac8 14. Nb5 Qd8
15. Nxa7 Ra8 16. d6 Nxc4 17. Nxc4 exd6 18. Qxb7 d5 19. Nc6 Re8 20. N4e5 Qd6 21.
Qxf7+ Kh8 22. Bf4 Qc5 23. d4 Qb6 24. Ne7 Rf8 25. Re3 Ra7 26. g4 Bxg4 27. N5xg6+
hxg6 28. Nxg6+ Kh7 29. Nxf8+ 1-0

[Event "aut_ychg1618 Bad Ischl"]
[Site "?"]
[Date "2007.04.02"]
[Round "4.2"]
[White "Mosshammer, Maria"]
[Black "Mayer, Michaela"]
[Result "1/2-1/2"]
[WhiteElo "1535"]
[BlackElo "1604"]
[PlyCount "39"]
[EventDate "2007.03.31"]

1. e4 e5 2. Nf3 Nc6 3. Bc4 Bc5 4. Nc3 Nf6 5. d3 h6 6. h3 d6 7. Be3 Bb6 8. a3
Bd7 9. Qd2 Qe7 10. Bxb6 axb6 11. Nb5 Qd8 12. Qe2 Na7 13. Nxa7 Rxa7 14. Rd1 O-O
15. O-O Qe7 16. Rfe1 Re8 17. Qd2 Raa8 18. d4 Rad8 19. dxe5 dxe5 20. Qc3 1/2-1/2

[Event "aut_ychg1618 Bad Ischl"]
[Site "?"]
[Date "2007.04.02"]
[Round "4.3"]
[White "Anker, Christin"]
[Black "Konrad, Jasmin"]
[Result "1/2-1/2"]
[WhiteElo "1593"]
[BlackElo "1593"]
[PlyCount "47"]
[EventDate "2007.03.31"]

1. e4 e5 2. Nf3 Nc6 3. Bc4 Bc5 4. c3 Nf6 5. d4 exd4 6. e5 Ng4 7. cxd4 Bb4+ 8.
Nc3 Bxc3+ 9. bxc3 d5 10. Bd3 f6 11. h3 fxe5 12. hxg4 e4 13. Bxe4 dxe4 14. Qe2
Bxg4 15. Qxe4+ Qe7 16. Qxe7+ Nxe7 17. Ng5 h6 18. Ba3 Rf8 19. Ne4 Rf7 20. f3 Bf5
21. O-O O-O-O 22. Rad1 Nd5 23. Rc1 Ne3 24. Rf2 1/2-1/2

[Event "aut_ychg1618 Bad Ischl"]
[Site "?"]
[Date "2007.04.02"]
[Round "4.4"]
[White "Kainz, Andrea"]
[Black "Bauer, Valentina"]
[Result "1/2-1/2"]
[WhiteElo "1585"]
[BlackElo "1547"]
[PlyCount "150"]
[EventDate "2007.03.31"]

1. e4 e6 2. d4 d5 3. Nc3 dxe4 4. Nxe4 Nd7 5. Nf3 Ngf6 6. Nxf6+ Nxf6 7. c3 Bd6
8. Bd3 O-O 9. Bg5 Re8 10. Ne5 h6 11. Bh4 Be7 12. Qc2 Bd7 13. O-O a6 14. f4 Nd5
15. Bxe7 Qxe7 16. Rae1 Rad8 17. Bh7+ Kf8 18. Bg6 Qf6 19. Bxf7 Re7 20. Bh5 Be8
21. Bxe8 Rexe8 22. g3 c6 23. f5 Kg8 24. fxe6 Qxe6 25. Rf3 Rf8 26. Ref1 Rxf3 27.
Rxf3 Rf8 28. Qf2 Rxf3 29. Qxf3 Nf6 30. b3 Qd5 31. Qxd5+ Nxd5 32. c4 Nb4 33. a4
Kf8 34. Kf2 Ke7 35. Ke3 Kd6 36. Ke4 b6 37. g4 a5 38. Kf5 Nc2 39. Kg6 Nxd4 40.
Nf7+ Kc5 41. Kxg7 Nxb3 42. Kxh6 Kxc4 43. g5 Nd4 44. g6 Nf5+ 45. Kh7 b5 46. axb5
Kc5 47. bxc6 Kxc6 48. Ne5+ Kd5 49. Nd3 a4 50. g7 Nxg7 51. Kxg7 a3 52. Nc1 Kc4
53. h4 Kc3 54. h5 Kc2 55. Na2 Kb2 56. h6 Kxa2 57. h7 Kb1 58. h8=Q a2 59. Qb8+
Ka1 60. Qh2 Kb1 61. Qg1+ Kb2 62. Qd4+ Kb1 63. Qb4+ Ka1 64. Qc3+ Kb1 65. Qd3+
Kb2 66. Qd2+ Kb1 67. Qb4+ Ka1 68. Qc3+ Kb1 69. Qd3+ Kb2 70. Qd2+ Kb1 71. Qd1+
Kb2 72. Qd4+ Kb1 73. Qb4+ Ka1 74. Qa3 Kb1 75. Qb3+ Ka1 1/2-1/2

[Event "aut_ychg1618 Bad Ischl"]
[Site "?"]
[Date "2007.04.02"]
[Round "4.5"]
[White "Bauer, Marie-Christine"]
[Black "Moser, Evelyn"]
[Result "1-0"]
[WhiteElo "1701"]
[BlackElo "1489"]
[PlyCount "53"]
[EventDate "2007.03.31"]

1. e4 e5 2. Nf3 Nc6 3. d4 exd4 4. Nxd4 Nge7 5. Nc3 g6 6. Bf4 Bg7 7. Nf3 O-O 8.
Qd2 a6 9. O-O-O b5 10. h4 Na5 11. h5 c5 12. hxg6 fxg6 13. Bh6 Rf7 14. Bxg7 Rxg7
15. Qh6 Kf8 16. Ng5 d6 17. Nxh7+ Kf7 18. Ng5+ Kf8 19. Rd3 Bg4 20. Rf3+ Ke8 21.
Qxg7 Kd7 22. Rf7 Nac6 23. Nd5 Be6 24. Nxe6 Kxe6 25. Qf6+ Kd7 26. Nxe7 Nxe7 27.
Rhh7 1-0